| 000 | 00408nam a2200193Ia 4500 | ||
|---|---|---|---|
| 001 | 13858 | ||
| 003 | GE_BSU | ||
| 008 | 181216s||||||||xx |||||||||||||| ||und|| | ||
| 040 | _cGE_BSU | ||
| 080 | _a821.111-3 | ||
| 100 | _aNorton,Mary | ||
| 245 | 4 | _aThe Borrowers Omnibus | |
| 260 | _aLondon | ||
| 260 | _bBCA | ||
| 260 | _c1990 | ||
| 300 | _a632p.22cm. | ||
| 653 | _aThe Borrowers Omnibus | ||
| 942 | _cBK | ||
| 999 |
_c47003 _d47003 |
||